El apostolado moderno (Record no. 41142)
[ view plain ]
| 000 -LEADER | |
|---|---|
| campo de control de longitud fija | 00685nam a2200205 i 4500 |
| 001 - NÚMERO DE CONTROL | |
| campo de control | 41142 |
| 003 - IDENTIFICADOR DE NÚMERO DE CONTROL | |
| campo de control | ES-MaACL |
| 005 - FECHA Y HORA DE LA ÚLTIMA TRANSACCIÓN | |
| campo de control | 20250804063400.0 |
| 007 - CAMPO FIJO DE DESCRIPCIÓN FÍSICA--INFORMACIÓN GENERAL | |
| campo de control de longitud fija | t| |
| 008 - DATOS DE LONGITUD FIJA--INFORMACIÓN GENERAL | |
| campo de control de longitud fija | 030310q1910 sp ||||1| spa d |
| 100 1# - ENTRADA PRINCIPAL--NOMBRE DE PERSONA | |
| Nombre de persona | Cascales Muñoz, José, |
| Fechas asociadas al nombre | 1865-1933 |
| 9 (RLIN) | 36269 |
| 245 13 - MENCIÓN DEL TÍTULO | |
| Título | El apostolado moderno |
| Resto del título | : estudio histórico-crítico de el socialismo y el anarquismo / |
| Mención de responsabilidad, etc. | por José Cascales y Muñoz. |
| 260 ## - PUBLICACIÓN, DISTRIBUCIÓN, ETC. | |
| Lugar de publicación, distribución, etc. | Barcelona, etc. : |
| Nombre del editor, distribuidor, etc. | F. Granada, |
| Fecha de publicación, distribución, etc. | [1910?] |
| 300 ## - DESCRIPCIÓN FÍSICA | |
| Extensión | VI, 357 p. ; |
| Dimensiones | 20 cm. |
| 490 1# - MENCIÓN DE SERIE | |
| Mención de serie | Sociología contemporánea |
| 830 0# - PUNTO DE ACCESO ADICIONAL DE SERIE-TÍTULO UNIFORME | |
| Título uniforme | Sociología contemporánea |
| 9 (RLIN) | 229775 |
| 852 ## - LOCALIZACIÓN | |
| Ubicación | ES-MaACL |
| Número de control de estantería | F-8691 |
| 852 ## - LOCALIZACIÓN | |
| Ubicación | ES-MaACL |
| Número de control de estantería | B-3268 |
| Estatus retirado | Estado de pérdida | Estado de daño | No para préstamo | Biblioteca de origen | Biblioteca actual | Ubicación en estantería | Fecha de adquisición | Fuente de adquisición | Total de préstamos | Signatura topográfica completa | Código de barras | Visto por última vez | Precio de reemplazo | Tipo de ítem Koha |
|---|---|---|---|---|---|---|---|---|---|---|---|---|---|---|
| Biblioteca del Ateneo de Madrid | Biblioteca del Ateneo de Madrid | Sala Pardo Bazán | 17/01/2008 | B-3268 | 1043315 | 23/02/2023 | 23/02/2023 | Libro impreso | ||||||
| Biblioteca del Ateneo de Madrid | Biblioteca del Ateneo de Madrid | Sala Pecera Planta 2 | 17/01/2008 | F-8691 | 1043314 | 23/02/2023 | 23/02/2023 | Libro impreso |
